Capital Cities Starting With "B" - Statistics

General Stats
  • This quiz has been taken 143 times
  • The average score is 21 of 25
Answer Stats
Country Capital City % Correct
Brazil Brasilia
97%
Germany Berlin
96%
Iraq Baghdad
95%
Thailand Bangkok
95%
Switzerland Bern
94%
Colombia Bogota
94%
Romania Bucharest
94%
China Beijing
93%
Hungary Budapest
93%
Argentina Buenos Aires
93%
Solvakia Bratislava
92%
Belgium Brussels
92%
Lebanon Beirut
91%
Azerbaijan Baku
89%
Serbia Belgrade
87%
Guinea-Bissau Bissau
82%
Belize Belmopan
77%
Kyrgyzstan Bishkek
72%
Republic of the Congo Brazzaville
72%
Barbados Bridgetown
71%
Mali Bamako
66%
Central African Republic Bangui
63%
Gambia Banjul
62%
Brunei Bandar Seri Begawan
58%
St Kitts and Nevis Basseterre
53%
No matching quizzes found
Score Distribution
Percent of People with Each Score
Percentile by Number Answered
Your Score History
You have not taken this quiz